Pan-Arab Flags - Statistics

General Stats
  • This quiz has been taken 41 times
  • The average score is 10 of 12
Answer Stats
Picture Answer % Correct
Egypt
97%
Iraq
94%
Kuwait
94%
United Arab Emirates
91%
Jordan
88%
Libya
88%
Yemen
85%
Palestine
82%
Syria
82%
Sudan
71%
Somaliland
50%
Western Sahara
41%
No matching quizzes found
Score Distribution
Percent of People with Each Score
Percentile by Number Answered
Your Score History
You have not taken this quiz